00283nam a2200133Ia 4500003000400000005001700004008004100021020001500062040002000077100001100097245002100108260001100129260000900140OSt20240320143808.0170524s9999 xx 000 0 und d a0600596354 cIIMT UNIVERSITY aHamlyn 0aEssential Indian bHamlyn c1999